=LDR 00000nam 2200000 4500 =001 000172 =020 $9786233351607 =082 $615.800 =100 $$a Totok M. Buchori =245 $$a Petunjuk praktis membuat obat herbal /$c Totok M. Buchori =250 $Cetakan II =264 $Bandung: Nuansa Cendekia 2024 =300 $52 halaman; 21 cm. =650 $Farmakologi =905 $615.8 TOT p =336 $$a =337 $$a =338 $$a =005 20260702151432.0 =008 260702s2026\\\\\\\\\\\\\\\\\\\\\\\\\\\\\\\\\\\\\\\\\